Click Islands Of The Galápagos On A Map - Statistics

General Stats
  • This quiz has been taken 16 times
  • The average score is 5 of 14
Answers on the Map
Answers color-coded by a green-red scale on the quiz's map according to % correct below.
 
Answer Stats
Answer % Correct
Isabela
73%
Santa Cruz
64%
Fernandina
55%
Baltra
45%
Marchena
45%
Pinta
45%
Española
27%
Genovesa
27%
Pinzón
27%
Rábida
27%
Santiago
27%
Floreana
18%
San Cristóbal
18%
Santa Fe
18%
No matching quizzes found
Score Distribution
Percent of People with Each Score
Percentile by Number Answered
Your Score History
You have not taken this quiz